00520nam a2200145 a 450000100100000000500170001000800410002704000250006810000290009324500650012226000450018730000200023295201050025299900170035700004444220201002045358.0140630s1992 000 spa d aDO-SdBNPbspacBNPHU aFontán, Antonio943450 0aAntonio de Nebrija príncipe de los humanistas españoles. a[España] -- Navidad, :b[s. n],c1992. a25 p. ;c24 cm. 001050718MOaGRbGRcHDd2014-06-30iLF1l0o p44442-10r2020-06-25w2020-06-25y1ZNo se presta c43931d43931